00838cam a2200229 a 450000100100000000500170001000800410002703500190006803500180008704000440010504200120014908200180016110000240017924500140020326000330021730000210025049000300027150002150030165000240051665000370054083000310057700001821720200929165415.0720405s1965 sp 000 f spa d a(DLC) 67033076 a(OCoLC)276212 aDO-SdBNPcOCanWdOCoLCdCNEdDLCdBNPHU apremarc a864.64bB712p1 aBonet, Juan,d1917-13aLa prole. aBarcelona :bDestino,c1965. a178 p. ;c19 cm.1 aÁncora y delfín,v259 aUna versión revisada y ampliada de la obra escrita originalmente en español y publicado por primera vez en 1951 en el dialecto mallorquín, bajo el título: Els Nins, en una traducción de Miguel Arbona. 4aEnsayos españoles 4aPsicologia infantilxEnseñanza 0aÁncora y delfín ;v254